Émile Zola ou Zola ? - Statistiques

Statistiques générales
  • Ce quiz a été pris 545 fois
  • Le résultat moyen est 8 sur 10
Statistiques - réponses
Question Réponse % Correct
Lequel des deux a réalisé en 2019 un feat avec Ninho ? Zola
99%
Lequel des deux a été flashé à plus de 200 km/h sur l'autoroute A6 dans une Mini Cooper S ? Zola
99%
Qui a dit : J'avais plein d'gadgets dans mon cartable Spiderman D'la beuh en été, du crack en saison hivernale, c'est infernal Zola
98%
Est né en 1840 Émile Zola
97%
Qui a reçu la légion d'honneur ? Émile Zola
97%
S'appelle originellement Aurélien Zola
92%
Qui a dit : “Décidément, on n'aime bien que les femmes qu'on n'a pas eues.” Émile Zola
76%
Lequel des deux dénonce la répression policière ? Les deux
67%
Lequel des deux est né en IDF ? Les deux
66%
Lequel des deux fait 1m77 Émile Zola
45%
Aucun quiz correspondant
Distribution des résultats
% des personnes avec chaque résultat
Percentile par nombre de réponses
Votre historique - résultats
Vous n’avez pas pris ce quiz